Mach bands : quantitative studies on neural networks in the retina.

Bibliographic Details
Main Author: Ratliff, Floyd
Format: Book
Language:English
Published: San Francisco : Holden-Day, 1965.
Series:Holden-Day series in psychology.
Subjects:

MARC

Tag First Indicator Second Indicator Subfields
LEADER 00000cam a2200000 4500
001 in00000284607
005 20151010075208.0
008 730220s1965 cauac b 00100 eng u
010 |a  65010436  
035 |a (OCoLC)00561188 
035 |9 ABF3672AM 
040 |c WSU  |d OCL  |d TXA  |d UtOrBLW 
049 |a TXAM  |c [1403502] 
050 0 0 |a QP481  |b .R34 
096 |a WW270 R236m 1965 
100 1 |a Ratliff, Floyd. 
245 1 0 |a Mach bands :  |b quantitative studies on neural networks in the retina. 
264 1 |a San Francisco :  |b Holden-Day,  |c 1965. 
300 |a xii, 365 pages :  |b illustrations, portrait ;  |c 24 cm. 
336 |a text  |b txt  |2 rdacontent 
337 |a unmediated  |b n  |2 rdamedia 
338 |a volume  |b nc  |2 rdacarrier 
490 1 |a Holden-Day series in psychology 
504 |a Bibliography: pages 333-349. 
600 1 0 |a Mach, Ernst,  |d 1838-1916. 
650 0 |a Mach bands. 
830 0 |a Holden-Day series in psychology. 
999 |a MARS 
999 f f |s dfd5fa62-cef0-3658-8c5b-94538bdedaee  |i 9054234e-bdf7-323f-bccd-9022bccf89b5  |t 0 
952 f f |p ric  |a Texas A&M University  |b Rellis Campus  |c Joint Library Facility  |d Remote Storage  |t 0  |e QP481 .R34  |h Library of Congress classification  |i unmediated -- volume  |m A14805017643 
998 f f |a QP481 .R34  |t 0  |l Remote Storage